[Event "Corus 4-A"]
[Site "Wijk aan Zee"]
[Date "2005.??.??"]
[Round "6"]
[White "Vlaming, Jos Pl"]
[Black "Bertholee, Rob"]
[Result "0-1"]
[WhiteElo "2100"]
[BlackElo "2355"]
[PlyCount "82"]
[EventDate "2005.01.15"]
[EventType "tourn"]
[EventRounds "9"]
[EventCountry "NED"]
[EventCategory "1"]
[SourceTitle "EXT 2007"]
[Source "ChessBase"]
[SourceDate "2006.11.23"]
[SourceVersion "1"]
[SourceVersionDate "2006.11.23"]
[SourceQuality "1"]

1. c4 e6 2. Nf3 d5 3. e3 Nf6 4. b3 c5 5. cxd5 Nxd5 6. Be2 Be7 7. Bb2 0-0 8. 0-0 Nc6 9. d3 b6 10. Nbd2 Bb7 11. Rc1 Ndb4 12. d4 Nxa2 13. Ra1 Nab4 14. dxc5 Bxc5 15. Qb1 h6 16. Rd1 Qc7 17. Ne4 Be7 18. Ng3 Rfd8 19. Qe4 Nd4 20. Qg4 Nxe2+ 21. Nxe2 Bf8 22. Rdc1 Qe7 23. Nf4 Bxf3 24. gxf3 Nd3 25. Ba3 Qg5 26. Nxd3 Bxa3 27. Qxg5 hxg5 28. Rd1 Be7 29. Ra6 Rd7 30. Kf1 Rad8 31. Ke2 Bf6 32. Ra2 a5 33. Rc2 Rd5 34. Rcd2 Bc3 35. Rc2 Bf6 36. Rcd2 Kh7 37. h3 b5 38. e4 Rd4 39. Rc2 a4 40. Rc5 a3 41. e5 Rxd3 0-1

[Event "Amsterdam ACT op 1st"]
[Site "Amsterdam"]
[Date "2004.07.24"]
[Round "8"]
[White "Koster, Ramon H"]
[Black "Bertholee, Rob"]
[Result "1-0"]
[WhiteElo "2279"]
[BlackElo "2398"]
[PlyCount "166"]
[EventDate "2004.07.17"]
[EventType "swiss"]
[EventRounds "9"]
[EventCountry "NED"]
[SourceTitle "CBM 101 Extra"]
[Source "ChessBase"]
[SourceDate "2004.09.01"]
[SourceVersion "2"]
[SourceVersionDate "2004.09.01"]
[SourceQuality "1"]

1. d4 e6 2. c4 Bb4+ 3. Bd2 Qe7 4. g3 Nc6 5. Nf3 Nf6 6. Bg2 Bxd2+ 7. Nbxd2 d6 8. 0-0 0-0 9. e4 e5 10. d5 Nb8 11. b4 Bg4 12. Qc2 a5 13. a3 Na6 14. Qb2 c6 15. dxc6 bxc6 16. c5 Bxf3 17. Nxf3 Rfe8 18. cxd6 Qxd6 19. bxa5 Nxe4 20. Rad1 Qc5 21. Rfe1 Reb8 22. Qe2 Nc3 23. Qxe5 Nxd1 24. Rxd1 Re8 25. Qf4 Rad8 26. Rc1 Qxa3 27. Ng5 Qb3 28. Bf1 Qb7 29. Qf5 h6 30. Qh7+ Kf8 31. Qh8+ Ke7 32. Re1+ Kd7 33. Bh3+ Kd6 34. Rxe8 Rxe8 35. Qxe8 hxg5 36. Qd8+ Kc5 37. Qxg5+ Kb4 38. Qxg7 Kxa5 39. Qa1+ Kb6 40. Qb2+ Ka7 41. Qxb7+ Kxb7 42. Bf1 Nc5 43. Bc4 f6 44. h4 Nd7 45. h5 Ne5 46. h6 Kc7 47. f4 Ng6 48. Kf2 Kd6 49. Ke3 f5 50. Bf7 Nh8 51. Bh5 c5 52. Kd2 Ke6 53. Kc3 Kd5 54. Kd3 Ke6 55. Kc4 Kd6 56. h7 Kc6 57. Bd1 Kd6 58. Bc2 Ke6 59. Kxc5 Kf6 60. Ba4 Kg7 61. Be8 Kxh7 62. Kd5 Kg7 63. Ke5 Kf8 64. Bh5 Kg7 65. Kxf5 Kh6 66. Be8 Kg7 67. g4 Kf8 68. Bh5 Kg7 69. g5 Kf8 70. Ke5 Kg7 71. f5 Kg8 72. f6 Kf8 73. Kf5 Kg8 74. g6 Nf7 75. gxf7+ Kf8 76. Bd1 Kxf7 77. Kg5 Kg8 78. Kf5 Kf7 79. Ke5 Kf8 80. Ke6 Ke8 81. f7+ Kf8 82. Bc2 Kg7 83. Ke7 Kh8 1-0

[Event "Amsterdam ACT op 1st"]
[Site "Amsterdam"]
[Date "2004.07.23"]
[Round "7"]
[White "Bertholee, Rob"]
[Black "Lahaye, Rick"]
[Result "1-0"]
[WhiteElo "2398"]
[BlackElo "2306"]
[PlyCount "59"]
[EventDate "2004.07.17"]
[EventType "swiss"]
[EventRounds "9"]
[EventCountry "NED"]
[SourceTitle "CBM 101 Extra"]
[Source "ChessBase"]
[SourceDate "2004.09.01"]
[SourceVersion "2"]
[SourceVersionDate "2004.09.01"]
[SourceQuality "1"]

1. e4 c5 2. Nc3 d6 3. Nf3 Nf6 4. d4 cxd4 5. Nxd4 a6 6. f3 e5 7. Nde2 Be6 8. Bg5 Nbd7 9. Qd2 Be7 10. 0-0-0 b5 11. Kb1 b4 12. Bxf6 Nxf6 13. Nd5 Nxd5 14. exd5 Bd7 15. Qxb4 a5 16. Qa3 0-0 17. c4 Rb8 18. Nc3 Rb4 19. g4 f5 20. gxf5 Bxf5+ 21. Bd3 Bh3 22. Ne4 Bg2 23. Rhg1 Bxf3 24. Rdf1 Qb6 25. Qc3 g6 26. c5 dxc5 27. d6 Bxd6 28. Bc4+ Kg7 29. Ng5 Rb8 30. b3 1-0

[Event "Amsterdam ACT op 1st"]
[Site "Amsterdam"]
[Date "2004.07.22"]
[Round "6"]
[White "Doggers, Peter"]
[Black "Bertholee, Rob"]
[Result "1-0"]
[WhiteElo "2246"]
[BlackElo "2398"]
[PlyCount "55"]
[EventDate "2004.07.17"]
[EventType "swiss"]
[EventRounds "9"]
[EventCountry "NED"]
[SourceTitle "CBM 101 Extra"]
[Source "ChessBase"]
[SourceDate "2004.09.01"]
[SourceVersion "2"]
[SourceVersionDate "2004.09.01"]
[SourceQuality "1"]

1. e4 e6 2. d4 d5 3. Nc3 Nf6 4. e5 Nfd7 5. f4 c5 6. Nf3 a6 7. Be3 Qb6 8. a3 Nc6 9. dxc5 Bxc5 10. Na4 Qa5+ 11. b4 Qxa4 12. bxc5 f6 13. exf6 Nxf6 14. Bd3 Ng4 15. Bd2 e5 16. fxe5 0-0 17. 0-0 Ncxe5 18. Bc3 Nxf3+ 19. Rxf3 Bd7 20. Qf1 Nf6 21. Re1 Ne4 22. Rxe4 Rxf3 23. Qxf3 dxe4 24. Qg3 g6 25. Qe5 Kf8 26. Qg7+ Ke8 27. Bf6 exd3 28. Qe7# 1-0

[Event "Amsterdam ACT op 1st"]
[Site "Amsterdam"]
[Date "2004.07.20"]
[Round "4"]
[White "Al Tamimi, Hamad"]
[Black "Bertholee, Rob"]
[Result "0-1"]
[WhiteElo "2169"]
[BlackElo "2398"]
[PlyCount "78"]
[EventDate "2004.07.17"]
[EventType "swiss"]
[EventRounds "9"]
[EventCountry "NED"]
[SourceTitle "CBM 101 Extra"]
[Source "ChessBase"]
[SourceDate "2004.09.01"]
[SourceVersion "2"]
[SourceVersionDate "2004.09.01"]
[SourceQuality "1"]

1. e4 e6 2. d4 d5 3. Nc3 Nf6 4. e5 Nfd7 5. f4 c5 6. Nf3 a6 7. Be3 Qb6 8. a3 Nc6 9. Be2 Be7 10. 0-0 cxd4 11. Nxd4 Bc5 12. Na4 Bxd4 13. Nxb6 Bxe3+ 14. Kh1 Nxb6 15. Bd3 g6 16. Qe2 d4 17. Be4 Bd7 18. a4 Nd5 19. Bxd5 exd5 20. b4 0-0 21. c3 h5 22. Rad1 Bg4 23. Qd3 Bf5 24. Qe2 Bg4 25. Qd3 Bxd1 26. Rxd1 Bxf4 27. cxd4 Nxb4 28. Qf3 Bh6 29. g4 hxg4 30. Qxg4 Nc2 31. Qd7 Ne3 32. Rg1 Rae8 33. Qxb7 Re6 34. h4 Bf4 35. Qb2 Kh7 36. Qf2 g5 37. hxg5 Rh8 38. Rg4 Kg6+ 39. Rh4 Bg3 0-1

[Event "Amsterdam ACT op 1st"]
[Site "Amsterdam"]
[Date "2004.07.17"]
[Round "1"]
[White "Bertholee, Rob"]
[Black "Schoorl, Rob"]
[Result "1-0"]
[WhiteElo "2398"]
[BlackElo "2225"]
[PlyCount "61"]
[EventDate "2004.07.17"]
[EventType "swiss"]
[EventRounds "9"]
[EventCountry "NED"]
[SourceTitle "CBM 101 Extra"]
[Source "ChessBase"]
[SourceDate "2004.09.01"]
[SourceVersion "2"]
[SourceVersionDate "2004.09.01"]
[SourceQuality "1"]

1. e4 e5 2. Nf3 Nc6 3. c3 d5 4. Qa4 Bd7 5. exd5 Nd4 6. Qd1 Nxf3+ 7. Qxf3 Bd6 8. Na3 f5 9. Nc4 Nf6 10. d4 e4 11. Nxd6+ cxd6 12. Qg3 Qe7 13. c4 Nh5 14. Qg5 Qf7 15. Be2 Nf6 16. Qg3 0-0 17. Qxd6 b5 18. Bg5 Ne8 19. Qe7 Qg6 20. h4 Rf7 21. h5 Qa6 22. Qb4 f4 23. cxb5 Qb6 24. 0-0-0 Nd6 25. Kb1 h6 26. Bh4 Bf5 27. Ka1 Rc7 28. Rc1 Rac8 29. Rc6 Bd7 30. Qxd6 Bxc6 31. dxc6 1-0

[Event "NED-chT 0203 playoff"]
[Site "Enschede"]
[Date "2003.06.22"]
[Round "2.5"]
[White "Bertholee, Rob"]
[Black "Schebler, Gerhard"]
[Result "1-0"]
[WhiteElo "2384"]
[BlackElo "2485"]
[PlyCount "73"]
[EventDate "2003.06.21"]
[EventType "team-k.o."]
[EventRounds "2"]
[EventCountry "NED"]
[SourceTitle "CBM 094 Extra"]
[Source "ChessBase"]
[SourceDate "2003.07.09"]
[SourceVersion "2"]
[SourceVersionDate "2003.07.09"]
[SourceQuality "1"]
[WhiteTeam "Amstelveen Zukertort"]
[BlackTeam "ING/ESGOO Enschede"]
[WhiteTeamCountry "NED"]
[BlackTeamCountry "NED"]

1. e4 c5 2. Nc3 e6 3. Nf3 a6 4. g3 Nc6 5. Bg2 Nf6 6. 0-0 Qc7 7. d3 Be7 8. Ne1 b5 9. f4 b4 10. Nb1 Bb7 11. e5 Nd5 12. c4 bxc3 13. Nxc3 Nxc3 14. bxc3 f6 15. exf6 Bxf6 16. Qh5+ g6 17. Qxc5 Rc8 18. Rb1 Na5 19. Qxc7 Rxc7 20. c4 Bd4+ 21. Kh1 Kf7 22. Bxb7 Nxb7 23. Nf3 Ba7 24. Ng5+ Ke7 25. Bb2 Rb8 26. Nxh7 d6 27. Ba3 Nc5 28. Rxb8 Bxb8 29. Rb1 Ba7 30. Bxc5 Bxc5 31. Ng5 Kf6 32. Re1 e5 33. Ne4+ Kf5 34. fxe5 dxe5 35. Rf1+ Kg4 36. Kg2 Bd4 37. h4 1-0

[Event "Dieren op"]
[Site "Dieren"]
[Date "2002.07.16"]
[Round "7"]
[White "Bertholee, Rob"]
[Black "Bosch, Jeroen"]
[Result "1/2-1/2"]
[WhiteElo "2379"]
[BlackElo "2442"]
[PlyCount "38"]
[EventDate "2002.07.09"]
[EventType "swiss"]
[EventRounds "9"]
[EventCountry "NED"]
[SourceTitle "CBM 089 Extra"]
[Source "ChessBase"]
[SourceDate "2002.09.10"]
[SourceVersion "2"]
[SourceVersionDate "2002.09.10"]
[SourceQuality "1"]

1. e4 c5 2. c3 Nf6 3. e5 Nd5 4. d4 cxd4 5. Nf3 Nc6 6. Bc4 e6 7. cxd4 d6 8. 0-0 Be7 9. Bxd5 exd5 10. Nc3 Be6 11. Bf4 0-0 12. Nb5 dxe5 13. Nxe5 Nxe5 14. Bxe5 Qd7 15. Nc7 Rac8 16. Rc1 Bd8 17. Nxe6 Qxe6 18. Rxc8 Qxc8 19. Qd2 Qd7 1/2-1/2

[Event "Dieren op"]
[Site "Dieren"]
[Date "2002.07.11"]
[Round "3"]
[White "Bertholee, Rob"]
[Black "Savchenko, Stanislav"]
[Result "0-1"]
[WhiteElo "2379"]
[BlackElo "2537"]
[PlyCount "58"]
[EventDate "2002.07.09"]
[EventType "swiss"]
[EventRounds "9"]
[EventCountry "NED"]
[SourceTitle "CBM 089 Extra"]
[Source "ChessBase"]
[SourceDate "2002.09.10"]
[SourceVersion "2"]
[SourceVersionDate "2002.09.10"]
[SourceQuality "1"]

1. e4 c5 2. Nc3 Nc6 3. Nf3 g6 4. Bb5 Bg7 5. 0-0 Nd4 6. Re1 Nxb5 7. Nxb5 d6 8. d4 cxd4 9. e5 dxe5 10. Nxe5 Nh6 11. Nxd4 0-0 12. c3 Nf5 13. Nxf5 Bxf5 14. Qe2 Qa5 15. Bf4 Rad8 16. h3 Rfe8 17. Ng4 Be6 18. Qe3 Qb5 19. b3 Rd3 20. Qe2 Bxg4 21. hxg4 Bxc3 22. Rad1 Red8 23. Rxd3 Rxd3 24. Qxe7 Bxe1 25. Bh6 Bb4 26. Qf6 Bf8 27. Bxf8 Kxf8 28. Qh8+ Ke7 29. Kf1 Rd1# 0-1